ARRUPE JESUIT UNIVERSITY

CORONAVIRUS -STOP THE SPREAD - CLEAN,DISINFECT,COVER

The Crusades : (Record no. 125378)

MARC details
000 -LEADER
fixed length control field 01483cam a2200361 a 4500
001 - CONTROL NUMBER
control field 14028737
003 - CONTROL NUMBER IDENTIFIER
control field ARRUPE
005 - DATE AND TIME OF LATEST TRANSACTION
control field 20160929114317.0
008 - FIXED-LENGTH DATA ELEMENTS--GENERAL INFORMATION
fixed length control field 050707s2005 enkab b 001 0 eng
010 ## - LIBRARY OF CONGRESS CONTROL NUMBER
LC control number 2005019578
020 ## - INTERNATIONAL STANDARD BOOK NUMBER
International Standard Book Number 9780192806550
020 ## - INTERNATIONAL STANDARD BOOK NUMBER
International Standard Book Number 0192806556 (alk. paper)
040 ## - CATALOGING SOURCE
Original cataloging agency DLC
Transcribing agency DLC
Modifying agency DLC
042 ## - AUTHENTICATION CODE
Authentication code pcc
043 ## - GEOGRAPHIC AREA CODE
Geographic area code e------
-- aw-----
050 00 - LIBRARY OF CONGRESS CALL NUMBER
Classification number D159
Item number .T88 2005
082 00 - DEWEY DECIMAL CLASSIFICATION NUMBER
Classification number 909.07
Edition number 22
300 ## - PHYSICAL DESCRIPTION
Other physical details ill., maps ;
Dimensions 18 cm.
100 1# - MAIN ENTRY--PERSONAL NAME
Personal name Tyerman, Christopher.
9 (RLIN) 26278
240 10 - UNIFORM TITLE
Uniform title <a href="Fighting for Christendom">Fighting for Christendom</a>
245 14 - TITLE STATEMENT
Title The Crusades :
Remainder of title a very short introduction /
Statement of responsibility, etc Christopher Tyerman.
260 ## - PUBLICATION, DISTRIBUTION, ETC. (IMPRINT)
Place of publication, distribution, etc Oxford ;
-- New York :
Name of publisher, distributor, etc Oxford University Press,
Date of publication, distribution, etc 2005.
300 ## - PHYSICAL DESCRIPTION
Extent 167 p. :
440 #2 - SERIES STATEMENT/ADDED ENTRY--TITLE
Title A very short introductions
9 (RLIN) 21364
500 ## - GENERAL NOTE
General note Previously published as: Fighting for Christendom. 2004.
504 ## - BIBLIOGRAPHY, ETC. NOTE
Bibliography, etc Includes bibliographical references and index.
650 #0 - SUBJECT ADDED ENTRY--TOPICAL TERM
Topical term or geographic name as entry element Crusades.
9 (RLIN) 26279
856 41 - ELECTRONIC LOCATION AND ACCESS
Materials specified Table of contents only
Uniform Resource Identifier <a href="http://www.loc.gov/catdir/toc/ecip0515/2005019578.html">http://www.loc.gov/catdir/toc/ecip0515/2005019578.html</a>
856 42 - ELECTRONIC LOCATION AND ACCESS
Materials specified Publisher description
Uniform Resource Identifier <a href="http://www.loc.gov/catdir/enhancements/fy0635/2005019578-d.html">http://www.loc.gov/catdir/enhancements/fy0635/2005019578-d.html</a>
856 42 - ELECTRONIC LOCATION AND ACCESS
Materials specified Contributor biographical information
Uniform Resource Identifier <a href="http://www.loc.gov/catdir/enhancements/fy0722/2005019578-b.html">http://www.loc.gov/catdir/enhancements/fy0722/2005019578-b.html</a>
906 ## - LOCAL DATA ELEMENT F, LDF (RLIN)
a 7
b cbc
c orignew
d 1
e ecip
f 20
g y-gencatlg
942 ## - ADDED ENTRY ELEMENTS (KOHA)
Source of classification or shelving scheme Library of Congress Classification
Koha item type Monograph ( Printed materials)
Holdings
Withdrawn status Lost status Source of classification or shelving scheme Damaged status Not for loan Collection code Home library Current library Shelving location Date acquired Total Checkouts Full call number Barcode Date last seen Price effective from Koha item type
    Library of Congress Classification     Main Collection ARRUPE LIBRARY ARRUPE LIBRARY Main Collection 28/09/2016   D159 .T87 2009 46500010668 07/12/2017 28/09/2016 Monograph ( Printed materials)

 

Arrupe Library. PO Box MP320 Mt Pleasant, Harare, Zimbabwe
263 242 745411|librarian@aju.ac.zw